the hardy boys mystery stories 27 (Record no. 8581)

MARC details
000 -LEADER
fixed length control field 00951nam a22001937a 4500
003 - CONTROL NUMBER IDENTIFIER
control field OSt
005 - DATE AND TIME OF LATEST TRANSACTION
control field 20260302003301.0
008 - FIXED-LENGTH DATA ELEMENTS--GENERAL INFORMATION
fixed length control field 260227b |||||||| |||| 00| 0 eng d
040 ## - CATALOGING SOURCE
Original cataloging agency DWCL GS library
Transcribing agency OC
082 ## - DEWEY DECIMAL CLASSIFICATION NUMBER
Classification number Fic. D621s 2008
100 ## - MAIN ENTRY--PERSONAL NAME
Personal name Dixon, Franklin W.
245 ## - TITLE STATEMENT
Title the hardy boys mystery stories 27
Remainder of title : the secret of skull mountain
Statement of responsibility, etc. Franklin W. Dixon
260 ## - PUBLICATION, DISTRIBUTION, ETC.
Place of publication, distribution, etc. New York
Name of publisher, distributor, etc. Grosset & Dunlap
Date of publication, distribution, etc. c1948
300 ## - PHYSICAL DESCRIPTION
Extent 177
Other physical details illustrations
Dimensions 19cm
520 ## - SUMMARY, ETC.
Summary, etc. In The Hardy Boys #27: The Secret of Skull Mountain, Frank and Joe Hardy investigate the mysterious nightly disappearance of water from a new reservoir near Skull Mountain. They team up with engineers to stop the crisis, facing dangerous locals, a kidnapped scientist, and a sinister plot involving a hidden tunnel and a sabotaged dam.
546 ## - LANGUAGE NOTE
Language note English
700 ## - ADDED ENTRY--PERSONAL NAME
Personal name Franklin W. Dixon
942 ## - ADDED ENTRY ELEMENTS (KOHA)
Source of classification or shelving scheme Dewey Decimal Classification
Koha item type Fiction
Classification part Fic. D621s 2008
Suppress in OPAC No
952 ## - LOCATION AND ITEM INFORMATION (KOHA)
--
Holdings
Withdrawn status Lost status Source of classification or shelving scheme Damaged status Not for loan Home library Current library Shelving location Date acquired Source of acquisition Total Checkouts Full call number Barcode Date last seen Price effective from Koha item type Uniform Resource Identifier
    Dewey Decimal Classification     Graduate School of Business and Management Library Grade School Library Fiction 02/27/2026 School Fund, Donation   Fic. D621s 2008 20232 02/27/2026 02/27/2026 FIC.